logo

Bir Sreshtho Munshi Abdur Rouf Library
Jhenaidah Cadet College

Algebra and Trigonometry / (Record no. 5317)

MARC details
000 -LEADER
fixed length control field 00661nam a2200241 a 4500
001 - CONTROL NUMBER
JCCL Control Number 5317
003 - CONTROL NUMBER IDENTIFIER
JCCL marc code BD-JhCC
005 - DATE AND TIME OF LATEST TRANSACTION
control field 20181003180032.0
008 - FIXED-LENGTH DATA ELEMENTS--GENERAL INFORMATION
fixed length control field 171212s1963 usaa|||| |||| 001 0 eng d
035 ## - SYSTEM CONTROL NUMBER
system control number (BD-JhCC) 5317
040 ## - CATALOGING SOURCE
Original cataloging agency BD-JhCC
Modifying agency BD-JhCC
041 ## - LANGUAGE CODE
Language code of Book eng
082 ## - DEWEY DECIMAL CLASSIFICATION NUMBER
Classification number 512.13
Author mark and Year BET 1963
100 ## - MAIN ENTRY--PERSONAL NAME
Personal name Betting, Alvin K.
245 ## - TITLE STATEMENT
Title Algebra and Trigonometry /
Statement of responsibility, etc Alvin K. Betting and John A. Englund,
260 ## - PUBLICATION, DISTRIBUTION, ETC. (IMPRINT)
Place of publication, distribution, etc United states of America :
Name of publisher, distributor, etc International Textbook Company,
Date of publication, distribution, etc 1963.
300 ## - PHYSICAL DESCRIPTION
Pagination 356p. :
Other physical details ill. ;
Dimensions 23cm.
650 ## - SUBJECT ADDED ENTRY--TOPICAL TERM
Topical term or geographic name as entry element Agebra
650 ## - SUBJECT ADDED ENTRY--TOPICAL TERM
Topical term or geographic name as entry element Trigonometry
700 ## - ADDED ENTRY--PERSONAL NAME
Personal name Englund, John A.
942 ## - ADDED ENTRY ELEMENTS (KOHA)
Source of classification or shelving scheme Dewey Decimal Classification
Koha item type Books
Holdings
Source of classification or shelving scheme Damaged status Not for loan Home library Current library Shelving location Date of accession Source of acquisition Total Checkouts Full call number Barcode Date last seen Date checked out Copy number Koha item type
Dewey Decimal Classification     JCC Rouf Library JCC Rouf Library General Stacks 12/12/2017 The Asia Foundation 2 512.13 BET 1963 7440 06/03/2024 05/21/2024 C - 1 Books

JCC Library | Contacts | JCC Home

Last Update on 23 September 2017
Copyright @ 2017-2020 JCC Rouf Library
Rouf Library, Jhenidah Cadet College (JCC), Bangladesh